000 00938nam a2200289 i 4500
001 bg
100 1 _aKOKOREVA, Ol'ga I.
245 1 0 _aWindows XP :
_brejestr systemu /
_cOlga Kokoreva ; [tł. Piotr Pilch].
246 _iTyt. oryg.:
_aReestr Windows XP
260 _aGliwice :
_b"Helion",
_ccop. 2005.
300 _a490 s. :
_bfot. ;
_c24 cm.
490 1 _aNu pogodi! : elita rosyjskich programistów prezentuje
500 _aTyt. tł.: Windows XP registry, tyt. oryg. ros.: "Reestr Windows XP" 2002.
504 _aBibliogr. s. 465. Indeks.
650 9 _aWindows XP
655 _aPodręczniki
700 1 _aPILCH, Piotr.
_eTł.
830 0 _aNu pogodi!
020 _a8373616640
040 _cBPK
041 1 _apol
_hengrus
080 _a004.451(07)
920 _a83-7361-664-0
942 _cKS
008 s pl f |000 0 pol
999 _c45798
_d45798